000
00270nam a2200121Ia 4500
008
220120s9999||||xx |||||||||||||| ||und||
082
_a
425 PYE
100
_a
Pyle, Michae, A
_9
10796
245
0
_a
TOEFL CBT 2005
260
_c
2006
300
_b
0
650
_a
MANAGEMENT
999
_c
136893
_d
136893